Statistics for 道路標識クイズ

Click here to take the quiz!

General Stats

  • This quiz has been taken 90 times
  • The average score is 13 of 32

Answer Stats

Answer% Correct
踏切あり
79%
一方通行
72%
通行止め
69%
信号機あり
68%
駐車禁止
67%
横断歩道
64%
駐停車禁止
64%
歩行者専用
56%
自動車専用
56%
警笛鳴らせ
54%
ロータリーあり
51%
転回禁止
49%
幅員減少
44%
横風注意
43%
安全地帯
43%
優先道路
40%
すべりやすい
37%
駐車可
37%
停車可
35%
追越し禁止
33%
車両進入禁止
28%
車両通行止め
28%
路面凹凸あり
23%
並進可
23%
道路工事中
23%
車両横断禁止
21%
軌道敷内通行可
21%
落石のおそれあり
20%
車線数減少
20%
自転車及び歩行者専用
16%
合流交通あり
15%
二方向交通
14%

Score Distribution

Percentile by Number Answered

Percent of People with Each Score

Your Score History

You have not taken this quiz